Tổ chức quản lý vệ sinh an toàn lao động theo luật pháp và kỹ năng kiểm soát

Hướng dẫn tổ chức thực hiện quản lý môi trường lao động, kỹ năng kiểm soát; vệ sinh an toàn nơi làm việc; các yếu tố vật lý tác động đến sức khoẻ, biện pháp dự phòng, kỹ năng kiểm soát các chất độc nguy hại, tư thế làm việc xấ...

Fuld beskrivelse

Đã lưu trong:
Bibliografiske detaljer
Hovedforfatter: Nguyễn, Đức Đãn
Format: Bog
Sprog:Undetermined
Udgivet: Hà Nội Thông tin và Truyền thông 2014
Fag:
Tags: Tilføj Tag
Ingen Tags, Vær først til at tagge denne postø!
Thư viện lưu trữ: Trung tâm Học liệu Trường Đại học Cần Thơ
LEADER 01217nam a2200205Ia 4500
001 CTU_203452
008 210402s9999 xx 000 0 und d
020 |c 48000 
082 |a 331.2596 
082 |b Đ105 
100 |a Nguyễn, Đức Đãn 
245 0 |a Tổ chức quản lý vệ sinh an toàn lao động theo luật pháp và kỹ năng kiểm soát 
245 0 |c Nguyễn Đức Đãn 
260 |a Hà Nội 
260 |b Thông tin và Truyền thông 
260 |c 2014 
520 |a Hướng dẫn tổ chức thực hiện quản lý môi trường lao động, kỹ năng kiểm soát; vệ sinh an toàn nơi làm việc; các yếu tố vật lý tác động đến sức khoẻ, biện pháp dự phòng, kỹ năng kiểm soát các chất độc nguy hại, tư thế làm việc xấu, an toàn thực phẩm, vi sinh vật gây dịch bệnh, kỹ năng kiểm soát quản lý sức khoẻ và cấp cứu tại chỗ. 
650 |a An toàn lao động,Industrial safety 
904 |i Tuyến 
980 |a Trung tâm Học liệu Trường Đại học Cần Thơ